Statistics for Top 10 Most Violent Countries in the World

Click here to take the quiz!

General Stats

  • This quiz has been taken 126 times
  • The average score is 5 of 10

Answer Stats

Peace IndexCountry% Correct
3.574Afghanistan
83%
3.369Iraq
80%
3.566Syria
79%
3.412Yemen
71%
3.3Somalia
65%
3.285Libya
46%
3.526South Sudan
41%
3.296Central African Republic
36%
2.52Burundi
10%
3.218Democratic Republic of Congo
4%

Score Distribution

Percentile by Number Answered

Percent of People with Each Score

Your Score History

You have not taken this quiz